000 00441nam a2200169 4500
020 _a9789359627250
082 _aM3
_bMOH/U
100 _aMohankumar K V
245 _aUla:
_bniyogiyude sancharangal Masoodiyudeyum/
_cby Mohankumar K V
250 _a3rd ed.
260 _aKozhikkode:
_bMathrubhumi books,
_c2025.
300 _a352p.
650 _aNovel Malayalam
650 _aLiterature Malayalam
650 _aLiterature
942 _cBK
999 _c181768
_d181768